Leyes Nos. 19.651 a 19.675: decretos con fuerza de ley, tratados internacionales, sumario

Αποθηκεύτηκε σε:
Λεπτομέρειες βιβλιογραφικής εγγραφής
Μορφή: Βιβλίο
Γλώσσα:Ισπανικά
Έκδοση: Santiago Jurídica de Chile 2000
Σειρά:Colección Textos Legales, 158
Θέματα:
Ετικέτες: Προσθήκη ετικέτας
Δεν υπάρχουν, Καταχωρήστε ετικέτα πρώτοι!

MARC

LEADER 00000nam a2200000 a 4500
001 UCO6337
003 CL-VaPUC
008 001020e20000000CL |||||||||||||||||spa|d
082 0 4 |a 348.022  |b LEY  |2 21 
245 1 0 |a Leyes Nos. 19.651 a 19.675: decretos con fuerza de ley, tratados internacionales, sumario 
300 |a 334 p 
942 |c BK 
945 |d 20001020 00:00:00  |a vberengu 
260 |a Santiago  |b Jurídica de Chile  |c 2000 
650 0 |a Tratados internacionales   |9 256056 
583 |a last modification  |c 20001020 00:00:00  |k Rodrigo Vera 
490 0 |a Colección Textos Legales, 158 
999 |c 291949  |d 291947